Principles Of Management (Record no. 33791)

MARC details
000 -LEADER
fixed length control field 00444nam a2200181Ia 4500
008 - FIXED-LENGTH DATA ELEMENTS--GENERAL INFORMATION
fixed length control field 220531s9999 xx 000 0 und d
041 ## - LANGUAGE CODE
Language code of text/sound track or separate title eng
082 ## - DEWEY DECIMAL CLASSIFICATION NUMBER
Item number GHO / AUR
100 ## - MAIN ENTRY--PERSONAL NAME
Personal name Ghosh, A. / Aurangabadkar, P.
9 (RLIN) 59012
245 ## - TITLE STATEMENT
Title Principles Of Management
250 ## - EDITION STATEMENT
Edition statement 1ST
260 ## - PUBLICATION, DISTRIBUTION, ETC. (IMPRINT)
Place of publication, distribution, etc. Pune
Name of publisher, distributor, etc. Nirali
Date of publication, distribution, etc. 2013
300 ## - PHYSICAL DESCRIPTION
Extent P.1
542 ## - INFORMATION RELATING TO COPYRIGHT STATUS
Copyright holder 26-11-2013
650 ## - SUBJECT ADDED ENTRY--TOPICAL TERM
Topical term or geographic name as entry element Management
9 (RLIN) 59013
906 ## - LOCAL DATA ELEMENT F, LDF (RLIN)
d 2013-2014
Holdings
Withdrawn status Lost status Source of classification or shelving scheme Damaged status Not for loan Collection code Home library Current library Date acquired Vendor Cost, normal purchase price Total Checkouts Total Holds Full call number Barcode Date last seen Bill Date Koha item type Original Barcode
Withdrawn   Dewey Decimal Classification       Shri Siddhivinayak Mahila Mahavidyalaya Shri Siddhivinayak Mahila Mahavidyalaya 26/11/2013 Nirali 145.00   5 /GHO / AUR/B/14793 SSMM-BK-14793 06/08/2022 06/08/2022 Books 010014793